000 00468nam a2200181Ia 4500
001 4548
005 20260306145804.0
008 260306t2019||||xx |||||||||||||| ||spa||
041 _aESP
082 _a324.62
_bR78
100 _aRojas, Moisés K.
_eAUT
245 0 _aNuestra decisión, nuestro voto:
_bguía para electoras y electores críticos
260 _c2019
300 _a73 páginas :
_c20 cm.
650 _aGEN
654 _aCHU
942 _cLIB
_dJUS
_fJUS
_2ddc
_n
999 _c4548
_d4548